00503 2200181 4500001002100000005001500021035002000036245005700056100001500113250001700128300003300145260004200178082001000220084001600230020002200246650002400268500002900292INLIS00000000000050920240811093503 a0010-08240000271 aSanitasi higiene dan keselamatan kerja /cAhmad said0 aAhmad said aCetakan ke-1 aiv, 108 hlm :bIlus ;c21 cm aJakarta :bSinar Wadja Lestari,c2007 a622.4 a622.4 AHM s a978-979-1213-07-3 4aSanitasi lingkungan aSeri sanitasi lingkungan